000 00220 a2200097 4500
001 23148
100 _aMyint, H
245 _aEconomic of the Developing Countries
260 _a
_bHutchinson
_c1968
090 _c15688
_d15688
942 _aNUST-CAE
_cM
_c6322
999 _c258221
_d258221